| 000 | 00506nam a2200133 a 4500 | ||
|---|---|---|---|
| 008 | 120416s1986 ||||||||||||||||| || u | ||
| 050 | _aTK 7868.P6 Che | ||
| 100 | _aChetty, P.R.K | ||
| 245 | 1 | 0 | _aSwith-mode power supply design |
| 260 |
_aBlue Rdge Summit. P.A. _bTAB Books _c1986 |
||
| 300 | _axi, 179p. : ill. | ||
| 350 | _a0.00 | ||
| 995 |
_D0.00 _FCBU-MAIN LIBRARY (Kitwe) _H1 _I17.90 _M1 _UAVAILABLE _WJul 14, 2006 _ZMain Library Open Access Collection |
||
| 999 |
_c59281 _d59281 |
||